Advanced engineering mathematics / (Record no. 21934)

MARC details
000 -LEADER
fixed length control field 00760nam a22002295a 4500
005 - DATE AND TIME OF LATEST TRANSACTION
control field 20161003150339.0
008 - FIXED-LENGTH DATA ELEMENTS--GENERAL INFORMATION
fixed length control field 160620t2014 maua fr 001 0 eng d
020 ## - INTERNATIONAL STANDARD BOOK NUMBER
International Standard Book Number 9781449689803
040 ## - CATALOGING SOURCE
Original cataloging agency EG-ScBUE
Language of cataloging eng
Transcribing agency EG-ScBUE
Modifying agency EG-ScBUE
082 04 - DEWEY DECIMAL CLASSIFICATION NUMBER
Edition number 22
Classification number 620.00151
Item number ZIL
100 1# - MAIN ENTRY--PERSONAL NAME
9 (RLIN) 3955
Personal name Zill, Dennis G.,
Dates associated with a name 1940-
245 10 - TITLE STATEMENT
Title Advanced engineering mathematics /
Statement of responsibility, etc Dennis G. Zill, Warren S. Wright.
250 ## - EDITION STATEMENT
Edition statement 5th ed., International ed.
260 ## - PUBLICATION, DISTRIBUTION, ETC. (IMPRINT)
Place of publication, distribution, etc Burlington :
Name of publisher, distributor, etc Jones & Bartlett Learning,
Date of publication, distribution, etc c.2014.
300 ## - PHYSICAL DESCRIPTION
Extent (Various pagings) :
Other physical details ill. ;
Dimensions 28 cm.
500 ## - GENERAL NOTE
General note Includes index.
650 #7 - SUBJECT ADDED ENTRY--TOPICAL TERM
Source of heading or term BUEsh
9 (RLIN) 3194
Topical term or geographic name as entry element Engineering mathematics.
651 ## - SUBJECT ADDED ENTRY--GEOGRAPHIC NAME
Source of heading or term BUEsh
653 ## - INDEX TERM--UNCONTROLLED
Resource For college Engineering, General
Arrived date list June2016
-- October2016
700 1# - ADDED ENTRY--PERSONAL NAME
Personal name Wright, Warren S.
9 (RLIN) 33406
942 ## - ADDED ENTRY ELEMENTS (KOHA)
Source of classification or shelving scheme Dewey Decimal Classification
Holdings
Withdrawn status Item status Source of classification or shelving scheme Damaged status Not for loan Vendor Home library Current library Shelving location Date acquired Source of acquisition Cost, normal purchase price Serial Enumeration / chronology Total Checkouts Full call number Barcode Date last seen Cost, replacement price Koha item type
    Dewey Decimal Classification     Baccah Central Library Central Library First floor 20/06/2016 Purchase 456.00 25845   620.00151 ZIL 000032699 15/07/2025 570.00 Book - Borrowing
    Dewey Decimal Classification     Baccah Central Library Central Library First floor 03/10/2016 Purchase       620.00151 ZIL 000033808 15/07/2025   Book - Borrowing
    Dewey Decimal Classification     Baccah Central Library Central Library First floor 03/10/2016 Purchase       620.00151 ZIL 000033809 15/07/2025   Book - Borrowing